Характеристики сложного парового тракта и повышение эффективности работы ТЭЦ с поперечными связями: диссертация на соискание ученой степени кандидата технических наук; спец. 05.14.14

Bibliografske podrobnosti
Glavni avtor: Озерова И. П. Ирина Петровна
Korporativna značnica: Томский политехнический институт
Drugi avtorji: Гурченок А. А. (научный руководитель)
Izvleček:На правах рукописи
Jezik:ruščina
Izdano: Томск, 1985
Teme:
Format: Knjiga
KOHA link:https://koha.lib.tpu.ru/cgi-bin/koha/opac-detail.pl?biblionumber=59509

MARC

LEADER 00000nbm0a2200000 4500
001 59509
005 20231218144013.0
035 |a (RuTPU)RU\TPU\book\62903 
090 |a 59509 
100 |a 20031231j1985 k y0rusy50 ca 
101 0 |a rus 
102 |a RU 
105 |a a m 001zy 
200 1 |a Характеристики сложного парового тракта и повышение эффективности работы ТЭЦ с поперечными связями  |e диссертация на соискание ученой степени кандидата технических наук  |e спец. 05.14.14  |f И. П. Озерова  |g Томский политехнический институт; А. А. Гурченок 
210 |a Томск  |d 1985 
215 |a 283 л.  |c ил. 
300 |a На правах рукописи 
320 |a Библиогр.: с. 209-224 (151 назв.) 
610 1 |a тепловые электрические станции 
610 1 |a тепловые сети 
610 1 |a паровые системы 
610 1 |a характеристики 
610 1 |a работа 
610 1 |a эффективность 
610 1 |a расчет 
610 1 |a диссертации 
675 |a 621.311.22.002.5:621.1(048)  |v 3 
686 |a 05.14.14  |2 oksvnk 
700 1 |a Озерова  |b И. П.  |c специалист в области теплоэнергетики  |c доцент Томского политехнического университета  |f 1952-  |g Ирина Петровна  |3 (RuTPU)RU\TPU\pers\26842  |9 12461 
702 1 |a Гурченок  |b А. А.  |4 727 
712 0 2 |a Томский политехнический институт 
801 1 |a RU  |b 63413507  |c 20031231  |g PSBO 
801 2 |a RU  |b 63413507  |c 20220124  |g RCR 
942 |c BK